Statistics for Western Movies #2

Click here to take the quiz!

General Stats

  • This quiz has been taken 78 times
  • The average score is 7 of 14

Answer Stats

HintYearAnswer% Correct
Time traveller Marty McFly finds Doc McBrown1989Back to the Future Part III
85%
Ringo escorts a stagecoach with diverse people1939Stagecoach
85%
Animated movie about a chameleon turned sheriff2011Rango
68%
Senator didn't kill an outlaw, became famous for it1962The Man Who Shot Liberty Valance
68%
Stubborn loner tries to rescue his niece from a Comanche tribe1956The Searchers
66%
Loner befriends a kid, defeats bandits, and leaves1953Shane
58%
Gunman plays off two rival gangs against each other1964For a Fistful of Dollars
51%
Jackie Chan and Owen Wilson rescue a princess2000Shanghai Noon
46%
Two Americans look for gold in the Sierra Madre1948The Treasure of the Sierra Madre
42%
A man who used to revere Jesse James kills him2007The Assassination of Jesse James by the Coward Robert Ford
37%
The Coen Brothers tell six western episodes2018The Ballad of Buster Scruggs
37%
Man drives 1) cattle to Missour 2) his son away1948Red River
34%
Fugitive Johnny Depp slips into psychedelic truths1995Dead Man
18%
A silent man faces the terror that is Klaus Kinski1968The Great Silence
14%

Score Distribution

Percentile by Number Answered

Percent of People with Each Score

Your Score History

You have not taken this quiz